Statistics for Balkan countries

Click here to take the quiz!

General Stats

  • This quiz has been taken 3,166 times
    (1,170 since last reset)
  • The average score is 11 of 13

Answer Stats

Answer % Correct
Serbia
96%
Croatia
95%
Bosnia and Herzegovina
94%
Albania
92%
Greece
92%
Bulgaria
90%
Kosovo
90%
North Macedonia
90%
Montenegro
90%
Slovenia
90%
Romania
89%
Turkey (Istanbul)
75%
Italy (Trieste)
51%

Score Distribution

Percentile by Number Answered

Percent of People with Each Score

Your Score History

You have not taken this quiz since the last reset